Frecuentes errores del hispanohablante

Guardado en:
Bibliografiske detaljer
Hovedforfatter: Pazos, Ethel
Format: Bog
Sprog:Undetermined
Udgivet: San José, Costa Rica Alma Mater 1996
Fag:
Tags: Tilføj Tag
Ingen Tags, Vær først til at tagge denne postø!

MARC

LEADER 00000nam a2200000Ia 4500
008 170316s9999 xx 000 0 und d
090 |a 415-E P-1f 
100 |a Pazos, Ethel 
245 |a Frecuentes errores del hispanohablante 
260 |a San José, Costa Rica 
260 |b Alma Mater 
260 |c 1996 
300 |a 192 páginas 
650 |a GRAMÁTICA ESPAÑOLA 
650 |a ESPAÑOL 
999 |c 19059  |d 19059 
040 |a cru BVZT 
942 |c 15 D  |h 415-E P-1f  |2 z